El comercio exterior y el artesano mexicano, 1825-1830 /
Compilación de documentos acerca del comercio exterior en México, principalmente en lo que respecta a la legislación, fechados entre los años 1820 y 1829, correspondientes a un período formativo del Estado nacional independiente y durante los cuales se profundizó la introducción de la producción ind...
Na minha lista:
| Autor principal: | |
|---|---|
| Formato: | Livro |
| Idioma: | espanhol |
| Colecção: | (Documentos para la Historia del Comercio Exterior de México. Segunda Serie ;
1) |
| Assuntos: | |
| Tags: |
Sem tags, seja o primeiro a adicionar uma tag!
|
MARC
| LEADER | 00000nam^a2200000^a^4500 | ||
|---|---|---|---|
| 001 | 000187619 | ||
| 005 | 20250521000000.0 | ||
| 009 | 20260310102307.05 | ||
| 037 | |a Acervo ITESO - Biblioteca | ||
| 041 | |a ESP | ||
| 082 | |a 972. 042 |b CHA | ||
| 100 | |a Chávez Orozco, Luis |e (introd.) | ||
| 245 | 1 | 3 | |a El comercio exterior y el artesano mexicano, 1825-1830 / |c Introd. L. Chávez Orozco. |
| 264 | |a México : |b Banco Nacional de Comercio Exterior, |c 1965 | ||
| 300 | |a 247 p. | ||
| 336 | |a texto |b txt |2 rdacontenido | ||
| 337 | |a sin mediación |b n |2 rdamedio | ||
| 338 | |a volumen |b nc |2 rdasoporte | ||
| 440 | 1 | |a (Documentos para la Historia del Comercio Exterior de México. |p Segunda Serie ; |v 1) | |
| 520 | |a Compilación de documentos acerca del comercio exterior en México, principalmente en lo que respecta a la legislación, fechados entre los años 1820 y 1829, correspondientes a un período formativo del Estado nacional independiente y durante los cuales se profundizó la introducción de la producción industrial extranjera -sobre todo, inglesa- iniciada a causa de factores externos hacia el año de 1810. | ||
| 649 | |a XX | ||
| 650 | |a Apertura Comercial e Integración Económica - |z México - |x Historia | ||
| 650 | |a Aranceles - |z México - |x Historia | ||
| 650 | |a Aduanas - |z México - |x Historia | ||
| 650 | |a Contrabando - |z México - |x Historia | ||
| 650 | |a Comercio Internacional - |z México-Inglaterra |x Historia | ||
| 650 | |a Comercio Exterior - |z México - |x Historia | ||
| 650 | |a Economía - |z México - |x Historia | ||
| 650 | |a Derecho Mercantil - |z México - |x Historia | ||
| 650 | |a México - |x Historia - |x Documentos | ||
| 650 | |a México - |x Historia - |y Federalismo, 1824-1835 | ||
| 650 | |a México - |x Historia - |y Federalismo y Centralismo, 1824-1853 | ||
| 650 | |a México - |x Historia - |y Siglo XIX | ||
| 910 | |a Fondo General | ||
| 920 | |a Impresos - Libros | ||
| 930 | |a Colección General | ||
| 905 | |a 101 | ||
| 901 | |a 0500130008 |b IT1 |c ACC |u 20250521 | ||
| 902 | |a https://opac.biblio.iteso.mx/vufind/Record/000187619 | ||